Score 0/30 Timer 04:00
4 Plays Today
% Correct
King of Queens
90.1%
Kevin Can Wait
87.9%
It's Always Sunny in Philadelphia
86.8%
24
86%
Taxi
80.5%
M*A*S*H
78.8%
Family Ties
78.7%
Spin City
77.4%
Parks and Recreation
76.9%
Community
72.5%
Castle
70%
Entourage
69.4%
Firefly
68.3%
Master of None
65.4%
That '70s Show
64.7%
% Correct
Designated Survivor
64.5%
The Soup
62%
Criminal Minds
61.8%
Sherlock
60%
Dharma & Greg
58.4%
The West Wing
55.4%
This Is Us
52.4%
Heroes
51.9%
Supernatural
51.7%
The Vampire Diaries
50.7%
Fargo
49.8%
The Ranch
43.3%
Days of Our Lives
42.1%
Lost
41.6%
Ellen
35.3%
Remove Ads.
Support Sporcle.
Get the best of Sporcle when you Go Orange. This ad-free experience offers more features, more stats, and more fun while also helping to support Sporcle. Thank you for becoming a member.

You're not logged in!

Compare scores with friends on all Sporcle quizzes.
OR
Log In

Show Comments

Extras

Top Quizzes Today


Score Distribution

Your Account Isn't Verified!

In order to create a playlist on Sporcle, you need to verify the email address you used during registration. Go to your Sporcle Settings to finish the process.

Report this User

Report this user for behavior that violates our Community Guidelines.

Details: